000
00292nam a2200121Ia 4500
008
191201s2019 xx 000 0 und d
100
_a
PETEROUTSOS, Evangelos
245
0
_a
Mastering TM visual Basic 6
260
_a
N. Delhi
_b
BPB
300
_a
1285
650
_a
B.Tech(CSE)
942
_2
ddc
_c
BK
999
_c
6394
_d
6394